00852nam a22002297a 4500003000500000005001700005008004100022010001000063011001000073035001100083040000900094100003400103245013500137260004000272300003700312502010200349650002800451650002100479650004200500650003800542650004200580CHAP20220817044245.0090217s2008 mx a r 00010 spa d a95886 a96858 a107515 cCHAP1 aChávez Barraza, Jorge Luis.13aLa liberalización comercial y el desempeño de la ganadería de bovinos de carne en Méxicoc/por Jorge Luis Chávez Barraza aChapingo, Méx. :bEl autor,c2008 axiv, 139 h. :bcuadros, gráfs. aTesis (Lic. en Economía Agrícola) -- UACH. División de Ciencias Económica Administrativas14aComercio internacional.14aGanado de carne.14aGanado vacunoxAspectos económicos.14aPolítica económicazMéxico.14aTratado Trilateral de Libre Comercio.